[Event "Odoev-ch"]
[Site "Odoev"]
[Date "2018.06.04"]
[Round "8"]
[White "Viktorov, Alexandr G"]
[Black "Menshov, Vladimir"]
[Result "1-0"]
[WhiteElo "2289"]
[BlackElo "1844"]
[PlyCount "35"]
[EventDate "2018.05.28"]
[EventType "swiss"]
[EventRounds "9"]
[EventCountry "RUS"]
[SourceTitle "EXT 2019"]
[Source "ChessBase"]
[SourceDate "2018.10.10"]
[SourceVersion "1"]
[SourceVersionDate "2018.10.10"]
[SourceQuality "1"]

1. e4 Nf6 2. e5 Nd5 3. c4 Nb6 4. c5 Nd5 5. Nc3 Nxc3 6. dxc3 d6 7. Bg5 dxe5 8. Qb3 Be6 9. Qxb7 Nd7 10. b4 f6 11. Be3 Kf7 12. Nf3 Qc8 13. Qc6 a6 14. Qxe6+ Kxe6 15. Bc4+ Kf5 16. Nh4+ Kg4 17. Be2+ Kxh4 18. h3 1-0

[Event "Odoev-ch"]
[Site "Odoev"]
[Date "2018.06.03"]
[Round "7"]
[White "Malik, Alexander"]
[Black "Viktorov, Alexandr G"]
[Result "1/2-1/2"]
[WhiteElo "2187"]
[BlackElo "2288"]
[PlyCount "75"]
[EventDate "2018.05.28"]
[EventType "swiss"]
[EventRounds "9"]
[EventCountry "RUS"]
[SourceTitle "EXT 2019"]
[Source "ChessBase"]
[SourceDate "2018.10.10"]
[SourceVersion "1"]
[SourceVersionDate "2018.10.10"]
[SourceQuality "1"]

1. c4 Nf6 2. d4 e6 3. Nc3 Bb4 4. e3 c5 5. Nf3 b6 6. Bd3 Bb7 7. 0-0 0-0 8. Na4 cxd4 9. exd4 Be7 10. Bf4 d6 11. Re1 Nbd7 12. Rc1 Rc8 13. Nc3 d5 14. Ne5 dxc4 15. Nxc4 Nd5 16. Bg3 Nxc3 17. bxc3 Nf6 18. Ne5 Qd5 19. f3 Qa5 20. Qb3 Nh5 21. Bc4 Bd5 22. Bxd5 Qxd5 23. Qxd5 exd5 24. Nc6 Rxc6 25. Rxe7 Nxg3 26. hxg3 a6 27. a4 g6 28. Rb1 a5 29. Rd7 Rxc3 30. Rxb6 Rc4 31. Rxd5 Rxa4 32. Ra6 Ra1+ 33. Kh2 a4 34. Rda5 Rd1 35. Rxa4 Rd8 36. Ra7 R1xd4 37. Rxd4 Rxd4 38. g4 1/2-1/2

[Event "Odoev-ch"]
[Site "Odoev"]
[Date "2018.06.01"]
[Round "5"]
[White "Shkurkin, Andrey"]
[Black "Viktorov, Alexandr G"]
[Result "1-0"]
[WhiteElo "2239"]
[BlackElo "2289"]
[PlyCount "75"]
[EventDate "2018.05.28"]
[EventType "swiss"]
[EventRounds "9"]
[EventCountry "RUS"]
[SourceTitle "EXT 2019"]
[Source "ChessBase"]
[SourceDate "2018.10.10"]
[SourceVersion "1"]
[SourceVersionDate "2018.10.10"]
[SourceQuality "1"]

1. Nf3 d5 2. d4 c5 3. e3 e6 4. c4 Nf6 5. a3 a6 6. dxc5 Bxc5 7. b4 Bd6 8. Nbd2 Nc6 9. Bb2 0-0 10. Bd3 Bc7 11. Qc2 h6 12. 0-0 Qe7 13. b5 axb5 14. cxb5 Na5 15. Ne5 Bb6 16. a4 Bc5 17. Nb3 Nxb3 18. Qxb3 Nd7 19. a5 Bd6 20. Nxd7 Bxd7 21. Ba3 Rfc8 22. b6 Bxa3 23. Qxa3 Qxa3 24. Rxa3 Rc5 25. a6 bxa6 26. Rxa6 Rb8 27. Rb1 Rcc8 28. b7 Rd8 29. e4 dxe4 30. Bxe4 Kf8 31. f4 Ke7 32. Rc1 g5 33. g3 gxf4 34. gxf4 Bb5 35. Ra8 Rg8+ 36. Kf2 Kd7 37. Ra5 f5 38. Bf3 1-0

[Event "Dubna Novikov Memorial"]
[Site "Dubna"]
[Date "2016.07.29"]
[Round "8"]
[White "Viktorov, Alexandr G"]
[Black "Novikov, Maxim"]
[Result "0-1"]
[WhiteElo "2414"]
[BlackElo "2513"]
[PlyCount "72"]
[EventDate "2016.07.22"]
[EventType "tourn"]
[EventRounds "9"]
[EventCountry "RUS"]
[EventCategory "7"]
[SourceTitle "CBM 173 Extra"]
[Source "ChessBase"]
[SourceDate "2016.08.29"]
[SourceVersion "1"]
[SourceVersionDate "2016.08.29"]
[SourceQuality "1"]

1. d4 d6 2. g3 g6 3. Bg2 Bg7 4. Nf3 Nd7 5. 0-0 e5 6. c4 Ne7 7. e4 0-0 8. Nc3 exd4 9. Nxd4 Nc6 10. Be3 Nde5 11. Nxc6 bxc6 12. Qa4 c5 13. Rad1 Bd7 14. Qa6 Bg4 15. f3 Bc8 16. Qa4 Bd7 17. Qa6 Qc8 18. Qxc8 Rfxc8 19. b3 Nxc4 20. bxc4 Bxc3 21. Bxc5 Be6 22. Bd4 Bxd4+ 23. Rxd4 Rab8 24. Rf2 Rb1+ 25. Bf1 Bh3 26. f4 Rcb8 27. Rd3 R8b2 28. Rdf3 Rxf2 29. Rxf2 f5 30. exf5 gxf5 31. Rf3 h5 32. Rf2 Kf7 33. Rf3 c6 34. Rf2 d5 35. cxd5 cxd5 36. Rf3 d4 0-1

[Event "Dubna Novikov Memorial"]
[Site "Dubna"]
[Date "2016.07.26"]
[Round "5"]
[White "Tishin, Petr"]
[Black "Viktorov, Alexandr G"]
[Result "1-0"]
[WhiteElo "2423"]
[BlackElo "2414"]
[PlyCount "45"]
[EventDate "2016.07.22"]
[EventType "tourn"]
[EventRounds "9"]
[EventCountry "RUS"]
[EventCategory "7"]
[SourceTitle "CBM 173 Extra"]
[Source "ChessBase"]
[SourceDate "2016.08.29"]
[SourceVersion "1"]
[SourceVersionDate "2016.08.29"]
[SourceQuality "1"]

1. d4 Nf6 2. c4 e6 3. Nc3 Bb4 4. Qc2 0-0 5. e4 d5 6. e5 Ne4 7. Bd3 c5 8. Nf3 cxd4 9. Nxd4 Nd7 10. Bf4 Ndc5 11. 0-0 Nxd3 12. Qxd3 Nxc3 13. bxc3 dxc4 14. Qg3 Be7 15. Bh6 g6 16. Bxf8 Bxf8 17. Rfd1 Qe8 18. Nf3 Bd7 19. Ng5 Qe7 20. Ne4 Bc6 21. Nf6+ Kg7 22. Rd4 Qc5 23. Rh4 1-0

[Event "Dubna Novikov Memorial"]
[Site "Dubna"]
[Date "2016.07.23"]
[Round "2"]
[White "Viktorov, Alexandr G"]
[Black "Kalugin, Sergey V"]
[Result "0-1"]
[WhiteElo "2414"]
[BlackElo "2409"]
[PlyCount "96"]
[EventDate "2016.07.22"]
[EventType "tourn"]
[EventRounds "9"]
[EventCountry "RUS"]
[EventCategory "7"]
[SourceTitle "CBM 173 Extra"]
[Source "ChessBase"]
[SourceDate "2016.08.29"]
[SourceVersion "1"]
[SourceVersionDate "2016.08.29"]
[SourceQuality "1"]

1. e4 c5 2. c3 Nf6 3. e5 Nd5 4. d4 cxd4 5. cxd4 d6 6. Nf3 Nc6 7. Bc4 Nb6 8. Bb5 dxe5 9. Nxe5 Bd7 10. Nxd7 Qxd7 11. Nc3 e6 12. 0-0 Be7 13. Qg4 0-0 14. Bxc6 bxc6 15. Bh6 Bf6 16. Rad1 Kh8 17. Bg5 Bxg5 18. Qxg5 Rfd8 19. Qc5 Nd5 20. Nxd5 Qxd5 21. Qxd5 cxd5 22. Rc1 Rdb8 23. b3 a5 24. f3 g6 25. Kf2 a4 26. Rc3 axb3 27. axb3 Ra2+ 28. Kg3 Rb4 29. Rd3 Rb2 30. Rc1 R2xb3 31. Rxb3 Rxb3 32. Kf4 Kg7 33. Rd1 Rb2 34. Kg3 g5 35. Rd3 Kg6 36. h3 h5 37. Rd1 h4+ 38. Kh2 Kf5 39. Rd3 Rb4 40. Rd1 Kf4 41. Rd3 Rc4 42. Rd1 Ke3 43. Rb1 Kxd4 44. Rb7 f6 45. Rb2 Ke3 46. Rb3+ Kf4 47. Rb6 Ke5 48. Rb1 d4 0-1

[Event "Julfa Salvation Day"]
[Site "Julfa"]
[Date "2016.06.19"]
[Round "9"]
[White "Timofeev, Sergey"]
[Black "Viktorov, Alexandr G"]
[Result "0-1"]
[WhiteElo "2249"]
[BlackElo "2441"]
[PlyCount "134"]
[EventDate "2016.06.14"]
[EventType "tourn"]
[EventRounds "9"]
[EventCountry "AZE"]
[EventCategory "6"]
[SourceTitle "EXT 2017"]
[Source "ChessBase"]
[SourceDate "2016.10.25"]
[SourceVersion "1"]
[SourceVersionDate "2016.10.25"]
[SourceQuality "1"]

1. e4 e6 2. d4 d5 3. Nc3 Bb4 4. e5 c5 5. a3 Bxc3+ 6. bxc3 Qc7 7. Qg4 f5 8. Qh5+ g6 9. Qd1 b6 10. Bb5+ Bd7 11. Bd3 cxd4 12. cxd4 Qc3+ 13. Bd2 Qxd4 14. Nf3 Qa4 15. 0-0 Na6 16. Qe2 Nc5 17. Rfb1 Ne7 18. Bg5 h6 19. Bf6 Rh7 20. Rb4 Qc6 21. Nd4 Qc7 22. a4 a5 23. Nb5 Bxb5 24. Bxb5+ Kf7 25. Rh4 Ng8 26. Bg5 Ne4 27. Be3 Qxe5 28. Re1 Ngf6 29. Bf4 Qc3 30. f3 Qc5+ 31. Be3 d4 32. fxe4 dxe3 33. exf5 gxf5 34. Qxe3 Qxe3+ 35. Rxe3 Rd8 36. h3 Rd1+ 37. Kh2 Ne4 38. Rf4 Nd6 39. Bd3 Kf6 40. Rd4 Rd7 41. g4 Rd2+ 42. Kg1 e5 43. Rd5 Nc4 44. Bxc4 R2xd5 45. Bxd5 Rxd5 46. Rb3 Rd6 47. gxf5 Kxf5 48. Kf2 h5 49. Ke3 h4 50. Rb1 Rc6 51. Kd3 e4+ 52. Kd2 Kf4 53. Rf1+ Kg3 54. Ke3 Rxc2 55. Rg1+ Kxh3 56. Kxe4 Rg2 57. Rb1 Ra2 58. Rxb6 Rxa4+ 59. Kf3 Ra3+ 60. Kf2 a4 61. Ra6 Ra2+ 62. Kg1 a3 63. Ra8 Ra1+ 64. Kf2 Kh2 65. Rh8 h3 66. Ra8 a2 67. Ra7 Rg1 0-1

[Event "Julfa Salvation Day"]
[Site "Julfa"]
[Date "2016.06.18"]
[Round "7"]
[White "Abbasov, Farid"]
[Black "Viktorov, Alexandr G"]
[Result "1/2-1/2"]
[WhiteElo "2531"]
[BlackElo "2441"]
[PlyCount "92"]
[EventDate "2016.06.14"]
[EventType "tourn"]
[EventRounds "9"]
[EventCountry "AZE"]
[EventCategory "6"]
[SourceTitle "EXT 2017"]
[Source "ChessBase"]
[SourceDate "2016.10.25"]
[SourceVersion "1"]
[SourceVersionDate "2016.10.25"]
[SourceQuality "1"]

1. d4 d5 2. c4 e6 3. Nc3 Nf6 4. cxd5 exd5 5. Bg5 c6 6. e3 Be7 7. Bd3 Ne4 8. Bxe7 Qxe7 9. Nge2 Nd7 10. Qc2 Ndf6 11. 0-0 0-0 12. Rae1 Bf5 13. Nf4 Rfe8 14. f3 Nxc3 15. bxc3 Bxd3 16. Nxd3 Qc7 17. c4 dxc4 18. Qxc4 Nd5 19. e4 Nf4 20. Nxf4 Qxf4 21. Rb1 Re7 22. Qc3 Rd8 23. Rfd1 g6 24. g3 Qd6 25. Kg2 h5 26. h4 Red7 27. Rd2 Qf6 28. Rb4 Qe7 29. Rc4 Rd6 30. a4 Qd7 31. Qb2 b6 32. Qc3 a5 33. e5 Rd5 34. Rxc6 Rxd4 35. Qxd4 Qxd4 36. Rxd4 Rxd4 37. Rxb6 Rxa4 38. Ra6 Kf8 39. Ra7 Ra2+ 40. Kh3 Ra3 41. f4 Ra2 42. Ra8+ Ke7 43. Ra7+ Ke6 44. Ra6+ Ke7 45. Ra7+ Ke6 46. Ra6+ Ke7 1/2-1/2

[Event "Julfa Salvation Day"]
[Site "Julfa"]
[Date "2016.06.17"]
[Round "6"]
[White "Viktorov, Alexandr G"]
[Black "Hasanzade, Toghrul Qasim Oglu"]
[Result "1/2-1/2"]
[WhiteElo "2441"]
[BlackElo "2305"]
[PlyCount "82"]
[EventDate "2016.06.14"]
[EventType "tourn"]
[EventRounds "9"]
[EventCountry "AZE"]
[EventCategory "6"]
[SourceTitle "EXT 2017"]
[Source "ChessBase"]
[SourceDate "2016.10.25"]
[SourceVersion "1"]
[SourceVersionDate "2016.10.25"]
[SourceQuality "1"]

1. e4 e6 2. d4 d5 3. Nd2 c5 4. exd5 Qxd5 5. Ngf3 Nc6 6. Bc4 Qd8 7. dxc5 Bxc5 8. 0-0 Nf6 9. Nb3 Qxd1 10. Rxd1 Bb6 11. c3 Ng4 12. Rf1 Nge5 13. Nxe5 Nxe5 14. Be2 Bd7 15. Bf4 Ng6 16. Bd6 0-0-0 17. Rfd1 Bc6 18. Bc5 Bxc5 19. Nxc5 Nf4 20. Bf1 g5 21. Nb3 Ba4 22. g3 Ng6 23. Be2 Kc7 24. Kf1 Ne5 25. Ke1 h6 26. Rxd8 Rxd8 27. Rd1 Rxd1+ 28. Kxd1 b6 29. Kd2 Bxb3 30. axb3 a5 31. Ke3 Kd6 32. f4 gxf4+ 33. gxf4 Nd7 34. Kd4 f5 35. b4 axb4 36. cxb4 e5+ 37. fxe5+ Nxe5 38. Ke3 Ng6 39. Kd4 Ne5 40. Ke3 Ng6 41. Kd4 Ne5 1/2-1/2

[Event "Julfa Salvation Day"]
[Site "Julfa"]
[Date "2016.06.15"]
[Round "3"]
[White "Viktorov, Alexandr G"]
[Black "Sideifzade, Fikret"]
[Result "0-1"]
[WhiteElo "2441"]
[BlackElo "2380"]
[PlyCount "126"]
[EventDate "2016.06.14"]
[EventType "tourn"]
[EventRounds "9"]
[EventCountry "AZE"]
[EventCategory "6"]
[SourceTitle "EXT 2017"]
[Source "ChessBase"]
[SourceDate "2016.10.25"]
[SourceVersion "1"]
[SourceVersionDate "2016.10.25"]
[SourceQuality "1"]

1. d4 Nf6 2. c4 g6 3. Nc3 d5 4. Bg5 Ne4 5. Bh4 Nxc3 6. bxc3 dxc4 7. e3 Be6 8. Rb1 Nd7 9. Nf3 Nb6 10. Be2 Bg7 11. 0-0 0-0 12. e4 f6 13. Qc2 Qd7 14. Bg3 Bf7 15. Rfd1 Rfe8 16. Rb4 Bf8 17. h3 e6 18. Rbb1 Rac8 19. Nd2 Qa4 20. Qb2 c5 21. Nf3 cxd4 22. Nxd4 Ba3 23. Qd2 e5 24. Nb5 Bc5 25. Bg4 Rc6 26. Kh2 h5 27. Be2 a6 28. Na7 Rd6 29. Qb2 Qd7 30. f4 Na4 31. Qxb7 Qxb7 32. Rxb7 Nxc3 33. Rxd6 Bxd6 34. fxe5 Bxe5 35. Bxe5 Rxe5 36. Bf3 Nxa2 37. Nc6 Rb5 38. Rc7 c3 39. Nd4 Rb4 40. Nc2 Rb2 41. Ne3 Bb3 42. Bd1 Bxd1 43. Nxd1 Rc2 44. Kg3 a5 45. Kf3 a4 46. Ne3 Rd2 47. g4 hxg4+ 48. hxg4 Kf8 49. e5 fxe5 50. Ke4 a3 51. Kxe5 Nb4 52. Rxc3 a2 53. Ra3 Re2 54. Ra8+ Kg7 55. Ra7+ Kh6 56. Kf4 g5+ 57. Kf3 Rxe3+ 58. Kxe3 a1Q 59. Rxa1 Nc2+ 60. Kd2 Nxa1 61. Kc3 Kg6 62. Kb2 Kf6 63. Kxa1 Ke5 0-1

[Event "Dubna"]
[Site "Dubna"]
[Date "2015.12.04"]
[Round "11"]
[White "Viktorov, Alexandr G"]
[Black "Pogosian, Manvel"]
[Result "0-1"]
[WhiteElo "2510"]
[BlackElo "2382"]
[PlyCount "122"]
[EventDate "2015.11.28"]
[EventType "tourn"]
[EventRounds "13"]
[EventCountry "RUS"]
[EventCategory "6"]
[SourceTitle "EXT 2017"]
[Source "ChessBase"]
[SourceDate "2016.10.25"]
[SourceVersion "1"]
[SourceVersionDate "2016.10.25"]
[SourceQuality "1"]

1. e4 c6 2. d4 d5 3. exd5 cxd5 4. Bd3 Nf6 5. c3 Bg4 6. Qb3 Qd7 7. Bf4 Nc6 8. Nd2 e6 9. Ngf3 Bxf3 10. Nxf3 Nh5 11. Bg3 Bd6 12. Bxd6 Qxd6 13. Qxb7 Rb8 14. Qa6 0-0 15. 0-0-0 Rb6 16. Qa4 Rfb8 17. Rd2 Qf4 18. Re1 Nf6 19. b3 Rc8 20. h3 Nb4 21. Kb1 Ne4 22. Bxe4 dxe4 23. g3 Qxf3 24. cxb4 Qc3 25. Red1 Rxb4 26. Qxa7 h6 27. Qa3 Rbb8 28. Qb2 Qf3 29. Rc1 e3 30. fxe3 Qxe3 31. Rdc2 Qd3 32. g4 Rc4 33. Ka1 Rxd4 34. Rc8+ Rd8 35. Rxb8 Rxb8 36. Qc3 Qd5 37. Qe3 e5 38. Rc7 Re8 39. a4 e4 40. Rc5 Qd6 41. Ka2 Qe6 42. a5 Rd8 43. Rc2 Rd3 44. Qb6 Rd6 45. Qc7 Kh7 46. Qc4 Rd5 47. b4 e3 48. Ka3 Qd6 49. a6 Ra5+ 50. Kb3 Rxa6 51. Qe4+ g6 52. Qxe3 Qd5+ 53. Rc4 Qd1+ 54. Rc2 Qa1 55. Qc1 Qa4+ 56. Kc3 Rc6+ 57. Kd3 Qb5+ 58. Ke3 Qe5+ 59. Kf3 Qd5+ 60. Kf2 Qd4+ 61. Kg2 Qe4+ 0-1

[Event "Dubna"]
[Site "Dubna"]
[Date "2015.11.29"]
[Round "3"]
[White "Soozankar, Amir Mohammad"]
[Black "Viktorov, Alexandr G"]
[Result "1-0"]
[WhiteElo "2284"]
[BlackElo "2510"]
[PlyCount "97"]
[EventDate "2015.11.28"]
[EventType "tourn"]
[EventRounds "13"]
[EventCountry "RUS"]
[EventCategory "6"]
[SourceTitle "EXT 2017"]
[Source "ChessBase"]
[SourceDate "2016.10.25"]
[SourceVersion "1"]
[SourceVersionDate "2016.10.25"]
[SourceQuality "1"]

1. e4 c5 2. Nf3 d6 3. Bb5+ Nc6 4. 0-0 Bd7 5. c3 Nf6 6. Re1 a6 7. Bxc6 Bxc6 8. d4 Bxe4 9. Bg5 Bxb1 10. Rxb1 e6 11. Bxf6 gxf6 12. d5 Qd7 13. b4 0-0-0 14. Qd3 Bh6 15. b5 a5 16. b6 exd5 17. Qxd5 Rhe8 18. Qh5 Bf4 19. Qxh7 d5 20. Qd3 Re6 21. g3 Be5 22. Nxe5 fxe5 23. Rb5 Qd6 24. Rxa5 e4 25. Qe3 Qxb6 26. Rxc5+ Rc6 27. Rxc6+ Qxc6 28. h4 Rd6 29. h5 Rf6 30. Qg5 Kd7 31. Rd1 Rd6 32. h6 Rxh6 33. Rxd5+ Rd6 34. Qf5+ Ke7 35. Rc5 Qb6 36. Qxe4+ Kf8 37. Rc8+ Kg7 38. Kg2 Re6 39. Qg4+ Rg6 40. Qh4 Rh6 41. Qc4 Qe6 42. Qxe6 Rxe6 43. a4 Re4 44. a5 Ra4 45. Rc5 Kf6 46. Rb5 Ra2 47. c4 Kg6 48. c5 Ra3 49. g4 1-0

[Event "Dubna"]
[Site "Dubna"]
[Date "2015.11.28"]
[Round "2"]
[White "Viktorov, Alexandr G"]
[Black "Kalugin, Sergey V"]
[Result "0-1"]
[WhiteElo "2510"]
[BlackElo "2386"]
[PlyCount "74"]
[EventDate "2015.11.28"]
[EventType "tourn"]
[EventRounds "13"]
[EventCountry "RUS"]
[EventCategory "6"]
[SourceTitle "EXT 2017"]
[Source "ChessBase"]
[SourceDate "2016.10.25"]
[SourceVersion "1"]
[SourceVersionDate "2016.10.25"]
[SourceQuality "1"]

1. e4 c5 2. Nf3 Nc6 3. d4 cxd4 4. Nxd4 Nf6 5. Nc3 d6 6. Bg5 e6 7. Qd2 a6 8. 0-0-0 Nxd4 9. Qxd4 Be7 10. f3 b5 11. h4 Bb7 12. Kb1 Qc7 13. Qd2 Rc8 14. Bd3 h6 15. Be3 b4 16. Ne2 d5 17. e5 Ne4 18. fxe4 dxe4 19. Bb6 Qxb6 20. Bxe4 0-0 21. Bxb7 Qxb7 22. Nd4 Rfd8 23. Qe2 a5 24. Rd3 a4 25. Rhd1 Bxh4 26. Nf3 Be7 27. Rxd8+ Rxd8 28. Rxd8+ Bxd8 29. Qd3 Be7 30. Qd4 a3 31. b3 g6 32. Kc1 h5 33. Kd2 g5 34. Ke2 g4 35. Ne1 Qb5+ 36. Nd3 Qc6 37. Ne1 Bh4 0-1